000 00315nam a2200121Ia 4500
005 20251222144707.0
008 251222s9999||||xx |||||||||||||| ||spa||
082 _a344.01/V61
100 _aVidal Bermudez, Alvaro
245 0 _aManual de Formatos Laborales
264 _bEdiciones Caballero Bustamante
942 _cLIB
999 _c17676
_d17676